Statistics for US States by More Populous Borders in 15 Seconds

Click here to take the quiz!

General Stats

  • This quiz has been taken 51 times
  • The average score is 27 of 50

Answers on the Map

Answers color-coded by a green-red scale on the quiz's map according to % correct below.
Loading ...
 

Answer Stats

State% Correct
Arizona
95%
Arkansas
95%
California
95%
Nevada
95%
Oregon
95%
New Mexico
91%
Oklahoma
91%
Louisiana
86%
Texas
86%
Alabama
77%
Connecticut
77%
Massachusetts
73%
New Jersey
73%
New York
73%
Pennsylvania
73%
Vermont
73%
Wyoming
73%
Florida
68%
Georgia
68%
Kentucky
68%
Iowa
64%
Nebraska
64%
Colorado
59%
Indiana
59%
Kansas
59%
Missouri
59%
Utah
59%
South Dakota
55%
Illinois
50%
North Dakota
50%
Wisconsin
50%
Montana
41%
West Virginia
41%
Alaska
36%
Michigan
36%
Ohio
36%
South Carolina
36%
Tennessee
36%
North Carolina
32%
Hawaii
27%
Mississippi
27%
Virginia
27%
Delaware
23%
Minnesota
18%
Idaho
14%
Maryland
14%
Washington
9%
Maine
5%
Rhode Island
5%
New Hampshire
0%

Score Distribution

Percentile by Number Answered

Percent of People with Each Score

Your Score History

You have not taken this quiz